|
|
|
|
| LEADER |
01489nam a22003017a 4500 |
| 001 |
40744 |
| 003 |
BD-DhAAL |
| 005 |
20251027092014.0 |
| 008 |
230126t20201998bg ||||| |||| 00| 0 ben d |
| 020 |
|
|
|a 9789848416082
|
| 040 |
|
|
|a BD-DhAAL
|c BD-DhAAL
|
| 041 |
|
|
|a ben
|
| 082 |
|
|
|a 954.9205
|
| 100 |
|
|
|a ইব্রাহিম, নীলিমা.
|9 28777
|
| 245 |
|
|
|a আমি বীরাঙ্গনা বলছি /
|c নীলিমা ইব্রাহিম.
|
| 250 |
|
|
|a দশম সংস্করণ.
|
| 260 |
|
|
|a ঢাকা :
|b জাগৃতি প্রকাশনী,
|c ২০২০.
|
| 300 |
|
|
|a ১৯০ পৃষ্ঠা ;
|c ২২ সে.মি.
|
| 526 |
|
|
|a GenEd (Residential Campus)
|
| 541 |
|
|
|a Development Book Agency
|e 40744, 40743
|
| 600 |
|
|
|a Ibrahim, Nilima,
|d 1921-2002.
|9 22375
|
| 651 |
|
|
|a বাংলাদেশ
|x ইতিহাস
|y মুক্তিযুদ্ধ, ১৯৭১.
|
| 651 |
|
|
|a Bangladesh
|x History
|y Revolution, 1971.
|
| 852 |
|
|
|a Ayesha Abed Library
|c General Stacks
|
| 942 |
|
|
|2 ddc
|c BK
|
| 999 |
|
|
|c 45355
|d 45355
|
| 952 |
|
|
|0 0
|1 0
|2 ddc
|4 0
|6 954_920500000000000_IBR
|7 0
|9 72907
|a SCL
|b SCL
|c GEN
|d 2023-01-15
|e Development Book Agency
|g 360.00
|l 12
|m 6
|o 954.9205 IBR
|p 3020040743
|r 2026-04-27
|s 2026-04-22
|t 1
|v 360.00
|w 2023-01-15
|y BK
|
| 952 |
|
|
|0 0
|1 0
|2 ddc
|4 0
|6 954_920500000000000_IBR
|7 0
|9 72908
|a SCL
|b SCL
|c GEN
|d 2023-01-15
|e Development Book Agency
|g 360.00
|l 16
|m 13
|o 954.9205 IBR
|p 3020040744
|r 2026-04-23
|s 2026-04-16
|t 2
|v 360.00
|w 2023-01-15
|y BK
|